[Event "TUR-chT 2nd League"]
[Site "Konya"]
[Date "2022.08.25"]
[Round "6.3"]
[White "Dere, Abdullah Dogukan"]
[Black "Ozdover, Mustafa Berkay"]
[Result "0-1"]
[WhiteElo "1826"]
[BlackElo "2114"]
[PlyCount "96"]
[EventDate "2022.08.22"]
[EventType "team-swiss"]
[EventRounds "9"]
[EventCountry "TUR"]
[SourceTitle "CBM 210 Extra"]
[Source "ChessBase"]
[SourceDate "2022.11.30"]
[SourceVersion "1"]
[SourceVersionDate "2022.11.30"]
[SourceQuality "1"]
[WhiteTeam "Ortaca Belediye"]
[BlackTeam "Bursa Deneyim"]
[WhiteTeamCountry "TUR"]
[BlackTeamCountry "TUR"]

1. d4 Nf6 2. Nf3 g6 3. g3 Bg7 4. Bg2 0-0 5. c4 c5 6. d5 e6 7. Nc3 exd5 8. cxd5 d6 9. 0-0 Re8 10. Re1 a6 11. a4 Nbd7 12. e4 Qc7 13. Bf4 Ng4 14. a5 Nge5 15. Qa4 Kf8 16. Nxe5 Nxe5 17. Bxe5 Bxe5 18. f4 Bd4+ 19. Kh1 Rb8 20. Qc2 b6 21. Ne2 Bg7 22. Rad1 bxa5 23. e5 Bf5 24. Qc4 Rb6 25. Nc3 dxe5 26. d6 Rxd6 27. Nd5 Qc8 28. fxe5 Bxe5 29. Qh4 Kg7 30. Ne7 Rxd1 31. Rxd1 Qe6 32. Nxf5+ Qxf5 33. Qa4 Re7 34. Rf1 Qc8 35. b3 h5 36. Qc4 Bd4 37. Qd5 h4 38. Qg5 Qe6 39. Qxh4 Rd7 40. Rb1 c4 41. bxc4 a4 42. Qf4 a3 43. Qd2 Qxc4 44. Bf1 Qe6 45. Rd1 a2 46. Qa5 Qe4+ 47. Bg2 Qb1 48. Qe1 Qxd1 0-1

[Event "TUR-chT 2nd League"]
[Site "Konya"]
[Date "2019.07.26"]
[Round "7.7"]
[White "Kulaoglu, Cihan"]
[Black "Dere, Abdullah Dogukan"]
[Result "1/2-1/2"]
[WhiteElo "1438"]
[BlackElo "1960"]
[PlyCount "165"]
[EventDate "2019.07.22"]
[EventType "team-swiss"]
[EventRounds "9"]
[EventCountry "TUR"]
[SourceTitle "CBM 191 Extra"]
[Source "ChessBase"]
[SourceDate "2019.09.30"]
[SourceVersion "1"]
[SourceVersionDate "2019.09.30"]
[SourceQuality "1"]
[WhiteTeam "Karaman Yunus Ortaokulu"]
[BlackTeam "Mugla Ortaca Belediye"]
[WhiteTeamCountry "TUR"]
[BlackTeamCountry "TUR"]

1. Nf3 d5 2. c4 c6 3. b3 Nf6 4. g3 g6 5. Bb2 Bg7 6. Bg2 0-0 7. 0-0 Nbd7 8. d4 Ne4 9. Nbd2 Ndf6 10. e3 Bf5 11. Qe2 a6 12. Nxe4 Bxe4 13. Rfc1 b5 14. cxb5 cxb5 15. Ne5 Bf5 16. Nd3 Qd6 17. Rc5 Ne4 18. Rcc1 h5 19. Nc5 Nf6 20. Qd2 a5 21. a3 h4 22. b4 a4 23. Qe2 Rab8 24. Nd3 hxg3 25. hxg3 Nd7 26. g4 Bxd3 27. Qxd3 e6 28. f4 Nb6 29. Rc2 Nc4 30. Rac1 f5 31. g5 Kf7 32. Kf2 Rh8 33. Rh1 Rxh1 34. Bxh1 Rh8 35. Bg2 Qf8 36. Qe2 Rh4 37. Qf3 Qh8 38. Bc1 Rg4 39. Qh3 Rh4 40. Qf3 Ke7 41. Qg3 Kd7 42. Qf3 Rh2 43. Qg3 Nd6 44. Ke1 Rh4 45. Kf1 Bf8 46. Bf3 Rh3 47. Qg2 Be7 48. Bb2 Nc4 49. Bc1 Nd6 50. Ke1 Rh4 51. Bb2 Bd8 52. Bc1 Bb6 53. Bb2 Rh7 54. Qf2 Qa8 55. Qg3 Rh8 56. Qf2 Nc4 57. Bc1 Kc7 58. Qg3 Kb7 59. Qg2 Ka6 60. Be2 Nd6 61. Bf3 Qb7 62. Qe2 Nc4 63. Qg2 Qc7 64. Ke2 Rc8 65. Kd1 Ka7 66. Qh2 Ka6 67. Qg2 Rh8 68. Qg1 Qh7 69. Qg3 Qc7 70. Qg2 Rh4 71. Qg3 Qh7 72. Qg2 Qh8 73. Re2 Rh3 74. Qf1 Ka7 75. Rf2 Qh4 76. Qe2 Qg3 77. Kc2 Ka6 78. Kd1 Nd6 79. Rf1 Rh2 80. Qd3 Nc4 81. Be2 Qg2 82. Re1 Qf2 83. Kc2 1/2-1/2

[Event "TUR-chT 2nd League"]
[Site "Konya"]
[Date "2019.07.24"]
[Round "4.1"]
[White "Dere, Abdullah Dogukan"]
[Black "Buke, Furkan"]
[Result "1/2-1/2"]
[WhiteElo "1960"]
[BlackElo "1959"]
[PlyCount "98"]
[EventDate "2019.07.22"]
[EventType "team-swiss"]
[EventRounds "9"]
[EventCountry "TUR"]
[SourceTitle "CBM 191 Extra"]
[Source "ChessBase"]
[SourceDate "2019.09.30"]
[SourceVersion "1"]
[SourceVersionDate "2019.09.30"]
[SourceQuality "1"]
[WhiteTeam "Mugla Ortaca Belediye"]
[BlackTeam "Koroglu Dernegi"]
[WhiteTeamCountry "TUR"]
[BlackTeamCountry "TUR"]

1. c4 c5 2. g3 g6 3. Bg2 Bg7 4. Nc3 Nc6 5. d3 e6 6. e4 Nge7 7. Nge2 a6 8. 0-0 0-0 9. Be3 Nd4 10. Qd2 Rb8 11. Bh6 d6 12. Bxg7 Kxg7 13. Nxd4 cxd4 14. Ne2 e5 15. f4 f6 16. fxe5 dxe5 17. b4 b5 18. c5 Nc6 19. h3 a5 20. a3 Be6 21. g4 axb4 22. axb4 Ra8 23. Ng3 Qe7 24. Kh2 Ra7 25. Rxa7 Qxa7 26. g5 fxg5 27. Rxf8 Kxf8 28. Qxg5 Qe7 29. Qh6+ Qg7 30. Qd2 Qf7 31. Kg1 Kg8 32. Qg5 Qe7 33. Qd2 Qh4 34. Kh2 Qe7 35. Kg1 Kg7 36. Kh2 h6 37. Kg1 Qg5 38. Qe1 h5 39. Kh2 Qf4 40. Kg1 Kh7 41. Nf1 Bb3 42. Qb1 Be6 43. Qb2 Qf7 44. Qd2 Qa7 45. Qg5 Qe7 46. Qd2 Qa7 47. Qg5 Qe7 48. Qd2 Qa7 49. Qg5 Qe7 1/2-1/2

[Event "TUR-chT 2nd League"]
[Site "Konya"]
[Date "2019.07.22"]
[Round "1.6"]
[White "Bozkurt, Serkan"]
[Black "Dere, Abdullah Dogukan"]
[Result "1/2-1/2"]
[WhiteElo "1689"]
[BlackElo "1960"]
[PlyCount "109"]
[EventDate "2019.07.22"]
[EventType "team-swiss"]
[EventRounds "9"]
[EventCountry "TUR"]
[SourceTitle "CBM 191 Extra"]
[Source "ChessBase"]
[SourceDate "2019.09.30"]
[SourceVersion "1"]
[SourceVersionDate "2019.09.30"]
[SourceQuality "1"]
[WhiteTeam "Eskiseh Tasci"]
[BlackTeam "Mugla Ortaca Belediye"]
[WhiteTeamCountry "TUR"]
[BlackTeamCountry "TUR"]

1. Nf3 c5 2. d4 cxd4 3. Nxd4 Nc6 4. g3 g6 5. Bg2 Bg7 6. Nxc6 bxc6 7. 0-0 Qc7 8. c4 d6 9. Qc2 Nf6 10. Nc3 0-0 11. e4 Rd8 12. Re1 e5 13. h3 Bb7 14. Qe2 Re8 15. Be3 Ba6 16. b3 Rad8 17. Red1 Nd7 18. Rac1 Nf8 19. Qb2 Ne6 20. Qa3 Bb7 21. c5 dxc5 22. Bxc5 Nxc5 23. Qxc5 Qb8 24. Na4 Bf8 25. Qc2 Rxd1+ 26. Rxd1 Rd8 27. Nb2 Rxd1+ 28. Qxd1 Qd6 29. Qxd6 Bxd6 30. Nc4 Bc7 31. Bf1 Bc8 32. Kg2 Kf8 33. Be2 Ke7 34. h4 f5 35. f3 Be6 36. g4 fxe4 37. fxe4 Bb8 38. Kf3 Bc7 39. Kg2 h6 40. Kg3 Kf6 41. Kg2 Bd7 42. Kg3 Bd8 43. Bd1 Be7 44. Be2 Bc5 45. Kg2 Bd4 46. Kg3 c5 47. Bd3 Ke6 48. Kf3 Bc3 49. Kf2 Ke7 50. Kf3 Bc8 51. Ne3 Be1 52. h5 gxh5 53. gxh5 Kf6 54. Ng4+ Bxg4+ 55. Kxg4 1/2-1/2

[Event "Izmir op 17th"]
[Site "Izmir"]
[Date "2018.09.11"]
[Round "4"]
[White "Darban Vaighani, Morteza"]
[Black "Dere, Abdullah Dogukan"]
[Result "1/2-1/2"]
[WhiteElo "2333"]
[BlackElo "1938"]
[PlyCount "30"]
[EventDate "2018.09.09"]
[EventType "swiss"]
[EventRounds "9"]
[EventCountry "TUR"]
[SourceTitle "CBM 186 Extra"]
[Source "ChessBase"]
[SourceDate "2018.08.24"]
[SourceVersion "1"]
[SourceVersionDate "2018.08.24"]
[SourceQuality "1"]

1. d4 g6 2. e4 c5 3. d5 Bg7 4. Nc3 d6 5. Be2 Na6 6. Nf3 Nc7 7. a4 Nf6 8. Nd2 h5 9. h3 Bd7 10. Nc4 Rb8 11. Bf4 b5 12. axb5 Nxb5 13. e5 Nxc3 14. bxc3 Ne4 15. Ra3 Bb5 1/2-1/2

[Event "TUR-chT 2nd League"]
[Site "Konya"]
[Date "2018.07.21"]
[Round "8.9"]
[White "Tofan, Ismail"]
[Black "Dere, Abdullah Dogukan"]
[Result "1-0"]
[WhiteElo "1683"]
[BlackElo "1774"]
[PlyCount "105"]
[EventDate "2018.07.16"]
[EventType "team-swiss"]
[EventRounds "9"]
[EventCountry "TUR"]
[SourceTitle "EXT 2019"]
[Source "ChessBase"]
[SourceDate "2018.10.10"]
[SourceVersion "1"]
[SourceVersionDate "2018.10.10"]
[SourceQuality "1"]
[WhiteTeam "Mardin Kale"]
[BlackTeam "Mugla Ortaca Belediye"]
[WhiteTeamCountry "TUR"]
[BlackTeamCountry "TUR"]

1. e4 c5 2. b3 b6 3. g3 Bb7 4. Bg2 Nf6 5. Nc3 e6 6. Nge2 a6 7. 0-0 Qc7 8. Bb2 Nc6 9. d4 cxd4 10. Nxd4 Nxd4 11. Qxd4 Bc5 12. Qd3 Qc6 13. h3 0-0 14. Kh2 Rac8 15. Bh1 Qc7 16. e5 Ne8 17. Bxb7 Qxb7 18. Ne4 f5 19. Nxc5 bxc5 20. Rad1 Rf7 21. c4 Rc6 22. Qe3 f4 23. gxf4 g6 24. Ba3 Qc8 25. Rd3 Ng7 26. Rfd1 Nf5 27. Qd2 Rc7 28. Bb2 Qd8 29. Qa5 Ng7 30. Bc1 Ne8 31. Qxa6 Qh4 32. Rg3 Ng7 33. Qa8+ Rf8 34. Qg2 Nf5 35. Rgd3 Nd4 36. Qg3 Qd8 37. Be3 Nf5 38. Qg4 Rf7 39. R1d2 Qa8 40. Qg2 Qa3 41. Qg5 Kg7 42. Qd8 Qa7 43. Qg5 h6 44. Qg4 Qa3 45. Qd1 Nh4 46. Qg4 Nf5 47. Rd1 Qxa2 48. Rg1 Ne7 49. f5 exf5 50. Qh4 Ng8 51. Rd6 Rc6 52. Bxh6+ Nxh6 53. Rgxg6+ 1-0

[Event "TUR-chT 2nd League"]
[Site "Konya"]
[Date "2018.07.16"]
[Round "1.7"]
[White "Bori, Ekin Sukru"]
[Black "Dere, Abdullah Dogukan"]
[Result "0-1"]
[WhiteElo "1698"]
[BlackElo "1774"]
[PlyCount "92"]
[EventDate "2018.07.16"]
[EventType "team-swiss"]
[EventRounds "9"]
[EventCountry "TUR"]
[SourceTitle "EXT 2019"]
[Source "ChessBase"]
[SourceDate "2018.10.10"]
[SourceVersion "1"]
[SourceVersionDate "2018.10.10"]
[SourceQuality "1"]
[WhiteTeam "Eskiseh Tasci"]
[BlackTeam "Mugla Ortaca Belediye"]
[WhiteTeamCountry "TUR"]
[BlackTeamCountry "TUR"]

1. d4 b6 2. Nf3 Bb7 3. g3 f5 4. Bg2 Nf6 5. 0-0 e6 6. c4 Be7 7. Nc3 0-0 8. b3 h6 9. Bb2 Ne4 10. Qc2 Nxc3 11. Bxc3 Be4 12. Qb2 Bf6 13. Rfd1 d6 14. Ne1 Bxg2 15. Nxg2 g5 16. Qc2 Nd7 17. e4 Bg7 18. exf5 exf5 19. Re1 Qf6 20. Ne3 c6 21. Rad1 Rae8 22. Bb4 h5 23. Bxd6 Qxd6 24. Nxf5 Qf6 25. Rxe8 Rxe8 26. d5 c5 27. d6 Bf8 28. Qd3 Re5 29. Ne3 Kg7 30. g4 h4 31. Nf5+ Kg8 32. Qf3 Qe6 33. Kg2 Re4 34. Rd5 Rf4 35. Qd1 Qe4+ 36. f3 Qe6 37. Qd3 Kh8 38. Ne7 Rd4 39. Rxd4 cxd4 40. Qxd4+ Bg7 41. Qd2 Qf6 42. Qd5 Kh7 43. Qg8+ Kh6 44. Qe8 h3+ 45. Kf2 Qb2+ 46. Ke3 Bd4+ 0-1